| 000 | 00705nam a22001937a 4500 | ||
|---|---|---|---|
| 999 |
_c185760 _d185760 |
||
| 005 | 20220209112306.0 | ||
| 010 | _aENG-131473 | ||
| 020 |
_a978-93-90436-34-7 _c1195.00 |
||
| 035 | _aEN-115005 | ||
| 037 | _bDBAD | ||
| 082 | _a027.7 | ||
| 100 | _aSinha, Ruchi Rajesh | ||
| 245 |
_aInformation Technology in College Libraries: _bConcepts, Methods and Techniques/ _cRuchi Rajesh Sinha & Dilip Kumar Agarwal |
||
| 260 |
_aMumbai _bHimalaya Publishing House Pvt. Ltd. _c2020 |
||
| 270 |
_aDr. Bhalerao Marg, Girgaon _bMumbai _e400004 _mhimpub@bharatmail.co.in _k022-23860170 |
||
| 300 |
_a155 p. _c22cm(hbk) _bBibliography |
||
| 700 | _aAgarwal, Dilip Kumar | ||
| 942 |
_2ddc _cEN _h027.7 _mSIN |
||